Principles and methods of teaching (Record no. 1751)

MARC details
000 -LEADER
fixed length control field 00510cam a2200193ua 4500
008 - FIXED-LENGTH DATA ELEMENTS--GENERAL INFORMATION
fixed length control field 110811n ii |||gr||||Z||||||eng
040 ## - CATALOGING SOURCE
Transcribing agency MAIN
082 ## - DEWEY DECIMAL CLASSIFICATION NUMBER
Classification number 371.3
100 ## - MAIN ENTRY--PERSONAL NAME
Personal name Bhatia, Kamala,
Relator term
245 1# - TITLE STATEMENT
Title Principles and methods of teaching
Statement of responsibility, etc. by Kamala Bhatia
250 ## - EDITION STATEMENT
Edition statement 1st.
260 ## - PUBLICATION, DISTRIBUTION, ETC.
Place of publication, distribution, etc. Delhi:
Name of publisher, distributor, etc. Doaba house,
Date of publication, distribution, etc. 2001.
300 ## - PHYSICAL DESCRIPTION
Extent xvi; 564p:
Dimensions 23cm.
700 ## - ADDED ENTRY--PERSONAL NAME
Personal name Bhatia, Baldev,
Relator term
942 ## - ADDED ENTRY ELEMENTS (KOHA)
Koha item type Books
653 ## - INDEX TERM--UNCONTROLLED
Uncontrolled term Education
653 ## - INDEX TERM--UNCONTROLLED
Uncontrolled term Principles and methods of teaching
Holdings
Withdrawn status Lost status Damaged status Not for loan Home library Current library Shelving location Date acquired Total Checkouts Full call number Barcode Date last seen Copy number Price effective from Koha item type Date last checked out
        Naharkatiya College Library Naharkatiya College Library General Stacks 19/09/2020   371.3 | BHA 11495 19/09/2020 2 19/09/2020 Books  
        Naharkatiya College Library Naharkatiya College Library General Stacks 19/09/2020 2 371.3 | BHA 11496 13/08/2021 1 19/09/2020 Books 11/08/2021

Naharkatiya College © 2020. All rights reserved.

Powered By